<?xml version="1.0" encoding="UTF-8"?>
<record
    xmlns:xsi="http://www.w3.org/2001/XMLSchema-instance"
    xsi:schemaLocation="http://www.loc.gov/MARC21/slim http://www.loc.gov/standards/marcxml/schema/MARC21slim.xsd"
    xmlns="http://www.loc.gov/MARC21/slim">

  <leader>01960nam a2200277 a 4500</leader>
  <controlfield tag="001">BRCA_8792</controlfield>
  <controlfield tag="005">20190320210419.0</controlfield>
  <controlfield tag="008">190417s1727----sp-#######---#000-0#spa-#</controlfield>
  <datafield tag="041" ind1=" " ind2=" ">
    <subfield code="a">spa</subfield>
  </datafield>
  <datafield tag="044" ind1=" " ind2=" ">
    <subfield code="a">sp</subfield>
  </datafield>
  <datafield tag="084" ind1=" " ind2=" ">
    <subfield code="a">BE172</subfield>
    <subfield code="b">.B68 1727</subfield>
  </datafield>
  <datafield tag="100" ind1="1" ind2=" ">
    <subfield code="a">Bote, Pedro</subfield>
    <subfield code="9">21918</subfield>
  </datafield>
  <datafield tag="245" ind1="1" ind2="0">
    <subfield code="a">Tesoro de la doctrina christiana</subfield>
    <subfield code="b">en el qual se forma de platicas espirituales, se explica lo que el christiano debe saber, y entender para saber bien orar, obrar, y creer: dividido en tres partes: segunda parte. en la qual se explican las tras virtudes teologales, f&#xE9;, esperanza, y caridad: los siete sacramentos de la iglesia: los diez preceptos de decalgo: y los cinco mandamientos de la santa madre iglesia: tu mandasti mandat tua custodiri nimis</subfield>
    <subfield code="c">a&#xF1;adida, y enmendadapor su autor el hermano Pedro Bote...</subfield>
  </datafield>
  <datafield tag="260" ind1=" " ind2=" ">
    <subfield code="a">Madrid</subfield>
    <subfield code="b">Por Bernardo Peralta</subfield>
    <subfield code="c">1727</subfield>
  </datafield>
  <datafield tag="300" ind1=" " ind2=" ">
    <subfield code="a">[2], [3], 419 p.</subfield>
    <subfield code="c">20.6 x 15 cm.</subfield>
  </datafield>
  <datafield tag="500" ind1=" " ind2=" ">
    <subfield code="a">Con privilegio</subfield>
  </datafield>
  <datafield tag="500" ind1=" " ind2=" ">
    <subfield code="a">En portada: Dedicada al excelentissimo se&#xF1;or D. Rodrigo Ann&#xE8;s, S&#xE0;, Almeyda, y Meneses, Marqu&#xE9;s de Abrahantes, &amp;c.</subfield>
  </datafield>
  <datafield tag="500" ind1=" " ind2=" ">
    <subfield code="a">Estado f&#xED;sico: presenta encuadernaci&#xF3;n en pergamino, con lomo semi desprendido, algunas hojas manchadas y cintas rotas</subfield>
  </datafield>
  <datafield tag="500" ind1=" " ind2=" ">
    <subfield code="a">Con marca de fuego: &#x201C;Procedencia de la marca: Convento de San Francisco de Quer&#xE9;taro(1).  Instituci&#xF3;n: Orden de Frailes Menores. Provincia de San Pedro y San Pablo de Michoac&#xE1;n. Descripci&#xF3;n: Monograma conformado por las letras iniciales S[an] F[rancisco] D[e] Q[uer&#xE9;tar]o. Observaciones: David Saavedra la asigna a la Academia de Dibujo de San Fernando de Quer&#xE9;taro. Ubicaci&#xF3;n de la marca en el libro: Canto superior e inferior&#x201D;</subfield>
  </datafield>
  <datafield tag="650" ind1="1" ind2="4">
    <subfield code="a">Pastoral</subfield>
    <subfield code="9">21919</subfield>
  </datafield>
  <datafield tag="650" ind1="1" ind2="4">
    <subfield code="a">Teolog&#xED;a</subfield>
    <subfield code="y">S. XVIII</subfield>
    <subfield code="9">21920</subfield>
  </datafield>
  <datafield tag="700" ind1="1" ind2=" ">
    <subfield code="a">peralta, Bernardo</subfield>
    <subfield code="e">Impresor</subfield>
    <subfield code="9">21921</subfield>
  </datafield>
  <datafield tag="856" ind1=" " ind2=" ">
    <subfield code="a">http://www.marcasdefuego.buap.mx:8180/xmLibris/projects/firebrand/item.jsp?repository=marcas_de_fuego&amp;key=520e29d1.xml&amp;num=16</subfield>
  </datafield>
  <datafield tag="902" ind1=" " ind2=" ">
    <subfield code="a">CFM</subfield>
  </datafield>
  <datafield tag="942" ind1=" " ind2=" ">
    <subfield code="2">lcc</subfield>
    <subfield code="c">B</subfield>
  </datafield>
  <datafield tag="999" ind1=" " ind2=" ">
    <subfield code="c">8443</subfield>
    <subfield code="d">8443</subfield>
  </datafield>
  <datafield tag="952" ind1=" " ind2=" ">
    <subfield code="0">0</subfield>
    <subfield code="1">0</subfield>
    <subfield code="4">0</subfield>
    <subfield code="7">0</subfield>
    <subfield code="a">BRCA</subfield>
    <subfield code="b">BRCA</subfield>
    <subfield code="d">2017-04-19</subfield>
    <subfield code="l">0</subfield>
    <subfield code="o">BE172 .B68 1727</subfield>
    <subfield code="p">CFM00119</subfield>
    <subfield code="r">2019-03-22 00:00:00</subfield>
    <subfield code="w">2019-03-22</subfield>
    <subfield code="y">B</subfield>
  </datafield>
</record>
